000 00748cam a22002054a 4500
020 _a1559636750 (cloth)
020 _a1559636769 (paper)
040 _cDLC
082 0 0 _a333 ISL 2000 A020 Or.
100 1 _aCicin-Sain, Biliana.
245 1 4 _aThe future of U.S. ocean policy :
_bchoices for the new century /
260 _aWashington, D.C. :
_bIsland Press,
_cc2000.
300 _axv, 398 p. :
_bill., maps ;
_c24 cm.
500 _a"Center for the Study of Marine Policy Graduate College of Marine Studies, University of Delaware."
650 0 _aMarine resources development
650 0 _aMarine resources conservation
700 1 _aKnecht, Robert W.
856 4 2 _uhttp://www.loc.gov/catdir/enhancements/fy0666/99037170-d.html
942 _cEK
999 _c12655
_d12655